00725nam a2200253 a 4500001001300000003000900013005001700022008004100039020001000080082001400090100001800104245003600122260004500158300000900203500003500212505001100247650002800258650002500286700001800311902000800329942000700337952011000344999001700454nice12345678IN_TiNIC20260116013404.0050524s1969 newa grp 000 0 eng  ac29900a200bSMA1 aSmart, Ninian aReligious Experience of Mankind aNew YorkbCharles Scribner`s Sons,c1969 a576p aincludes index and biblioraphy2 aBiblio aReligion-Historiography aExperience, Religion1 aSmart, Ninian bSRS cBK 00104070aHMIbHMId2009-02-25g299.00l9m1o200 SMA1p015041r2022-01-17s2020-09-25w2026-01-16yEB c10813d10813